Flutter by, butterfly / (Record no. 2735)

MARC details
000 -LEADER
fixed length control field 01184cam a2200349 a 4500
001 - CONTROL NUMBER
control field 2735
003 - CONTROL NUMBER IDENTIFIER
control field FISKH
005 - DATE AND TIME OF LATEST TRANSACTION
control field 20240111135555.0
008 - FIXED-LENGTH DATA ELEMENTS--GENERAL INFORMATION
fixed length control field 980212s1998 nyua a 000 1 eng
010 ## - LIBRARY OF CONGRESS CONTROL NUMBER
LC control number 98012693
020 ## - INTERNATIONAL STANDARD BOOK NUMBER
International Standard Book Number 0679887008 (trade)
020 ## - INTERNATIONAL STANDARD BOOK NUMBER
International Standard Book Number 9781412784535
020 ## - INTERNATIONAL STANDARD BOOK NUMBER
International Standard Book Number 0679987002 (glb)
040 ## - CATALOGING SOURCE
Original cataloging agency DLC
Transcribing agency DLC
Modifying agency DLC
Language of cataloging eng
042 ## - AUTHENTICATION CODE
Authentication code lcac
050 00 - LIBRARY OF CONGRESS CALL NUMBER
Classification number PZ7.A37735
Item number Fl 1998
082 00 - DEWEY DECIMAL CLASSIFICATION NUMBER
Classification number [E]
Edition number 21
100 1# - MAIN ENTRY--PERSONAL NAME
Personal name Alexander, Liza.
245 10 - TITLE STATEMENT
Title Flutter by, butterfly /
Statement of responsibility, etc. by Liza Alexander ; Adopted by Susan Rich Brooke ; illustrated by David Prebenna ; Elmo performed by Kevin Clash
260 ## - PUBLICATION, DISTRIBUTION, ETC.
Place of publication, distribution, etc. Illinois :
Name of publisher, distributor, etc. Pil Books,
Date of publication, distribution, etc. 2008.
300 ## - PHYSICAL DESCRIPTION
Extent 20 unnumbered pages :
Dimensions 32 cm
Other physical details Color illustrations ;
Accompanying material One CD Rom
440 #0 - SERIES STATEMENT/ADDED ENTRY--TITLE
Title Elmo's world
504 ## - BIBLIOGRAPHY, ETC. NOTE
Bibliography, etc. note G<br/>
520 ## - SUMMARY, ETC.
Summary, etc. When a butterfly unexpectedly flutters by and surprises Elmo, it sets off a chain reaction of funny accidents.
521 8# - TARGET AUDIENCE NOTE
Target audience note 370<br/>
Source Lexile estimate <br/>
521 8# - TARGET AUDIENCE NOTE
Target audience note G<br/>
Source Raz-Plus <br/>
650 #1 - SUBJECT ADDED ENTRY--TOPICAL TERM
Topical term or geographic name entry element Butterflies
General subdivision Fiction.
650 #1 - SUBJECT ADDED ENTRY--TOPICAL TERM
Topical term or geographic name entry element Puppets
General subdivision Fiction.
700 1# - ADDED ENTRY--PERSONAL NAME
Personal name Prebenna, David,
Relator term illustrator
906 ## - LOCAL DATA ELEMENT F, LDF (RLIN)
a 7
b cbc
c orignew
d 1
e ocip
f 19
g y-gencatlg
942 ## - ADDED ENTRY ELEMENTS (KOHA)
Source of classification or shelving scheme Dewey Decimal Classification
Koha item type Books
Suppress in OPAC No
Holdings
Withdrawn status Lost status Source of classification or shelving scheme Damaged status Not for loan Collection Home library Current library Shelving location Date acquired Total Checkouts Full call number Barcode Date due Date last seen Date last checked out Copy number Price effective from Koha item type
    Dewey Decimal Classification     Juvenile Fiction Footprints International School Library Network Toul Kork Campus Footprints International School Library Network Toul Kork Campus TK Primary Library Room(4th Floor), Bookcase 7, Shelves 57-60, Dark Green Books 01/11/2024 7 ALE PZ7.A37735 2024-0019 09/03/2025 08/20/2025 08/20/2025 1 01/11/2024 Books
    Dewey Decimal Classification     Juvenile Fiction Footprints International School Library Network Toul Kork Campus Footprints International School Library Network Toul Kork Campus TK Primary Library Room(4th Floor), Bookcase 7, Shelves 57-60, Dark Green Books 01/11/2024   ALE PZ7.A37735 2024-0020   01/11/2024   2 01/11/2024 Books